000
00328nam a2200133Ia 4500
008
240624s9999 xx 000 0 und d
041
_a
eng
082
_a
658.8 ABR
100
_a
PEARLMAN LEAH
245
_a
FACEBOOK FOR DUMMIES FOR DUMMIES COMPUTE
250
_a
(3rd ed.)
260
_c
2010
_a
New Jersey
_b
Wiley
365
_c
_b
27
999
_c
16230
_d
16230